000 00219nam a2200097Ia 4500
005 20251222113742.0
008 251222s1900||||xx |||||||||||||| ||spa||
082 _aDVD0070/A19
245 0 _aEl erizo:Le Hérisson
942 _cDVD
999 _c657
_d657